000 00407nam a2200181Ia 4500
003 IT-RoPAU
005 20220918175407.0
008 120407s9999 xx 000 0 und d
040 _aIT-RoPAU
040 _cIT-RoPAU
100 _aMaria L. Ambrosini
_934310
245 _aL'archivio segreto del Vaticano
250 _aMilano
260 _aMondadori
300 _c cm
490 _v1
942 _cBK
_2ddc
999 _c8499
_d8499